Normal view
MARC view
- المسائل النظرية في الآداب الشرقية-الآداب
Entry Topical Term
001 - CONTROL NUMBER
- control field: 16719
003 - CONTROL NUMBER IDENTIFIER
- control field: JO-AjAnu
005 - DATE AND TIME OF LATEST TRANSACTION
- control field: 20230606072951.0
008 - FIXED-LENGTH DATA ELEMENTS
- fixed length control field: 230606|| aca||aabn | a|a d
040 ## - CATALOGING SOURCE
- Original cataloging agency: JO-AjAnu
- Transcribing agency: JO-AjAnu
150 ## - HEADING--TOPICAL TERM
- Topical term or geographic name entry element: المسائل النظرية في الآداب الشرقية-الآداب
670 ## - SOURCE DATA FOUND
- Source citation: Work cat.: (JO-AjAnu)8585: مترجم مصطفى رسول ,عز الدين; مراجع ضياء نافع, author 16718, المسائل النظرية في الآداب الشرقية